Implementación y desarrollo de guías de laboratorio para los cursos de Telemática de la Escuela de Ingeniería Eléctrica de la Universidad de Costa Rica
Sparad:
| Huvudupphovsman: | |
|---|---|
| Materialtyp: | Bok |
| Publicerad: |
San José, C.R
1997
|
| Ämnen: | |
| Taggar: |
Lägg till en tagg
Inga taggar, Lägg till första taggen!
|
MARC
| LEADER | 00000nam a2200000Ia 4500 | ||
|---|---|---|---|
| 003 | 008290 | ||
| 005 | 20221231144230.0 | ||
| 008 | 140114s1997 cr a m 000 ||s d | ||
| 040 | |c cru CEDI | ||
| 090 | |a TFG 3715 | ||
| 100 | |a Greenwood Arroyo, John |9 9396 | ||
| 245 | |a Implementación y desarrollo de guías de laboratorio para los cursos de Telemática de la Escuela de Ingeniería Eléctrica de la Universidad de Costa Rica | ||
| 260 | |c 1997 |a San José, C.R | ||
| 300 | |a xviii, [129] hojas : ilustraciones | ||
| 500 | |a Proyecto de graduación (licenciatura en ingeniería eléctrica)--Universidad de Costa Rica. Facultad de Ingeniería. Escuela de Ingeniería Eléctrica | ||
| 650 | |x TELEMATICA - MANUALES DE LABORATORIO |9 9397 | ||
| 942 | |c TFG | ||
| 999 | |c 18795 |d 18795 | ||
